01687pab a2200169 454500008004000000100001900040245006300059260000900122300001500131362001100146520117400157650002001331773003401351909001001385999001701395952010501412180718b2001 xxu||||| |||| 00| 0 eng d aGyawali, Dipak aMissing leg: South Asia's hobbled water technology choices c2001 ap.3743-758 a29 Sep aThe choice of technology in managing water resources is not a dispassionate, cool-headed scientific process: it is an arena of conflict and contestation. Reorienting water resources research in the current changed context of declining foreign aid and increasing social and environmental activism means dealing less with issues of technology per se and more with adoption and adaptation of technology, which becomes more of a social or institutional issue. This essay tries to examine water rights conflicts in two connected geographical locales of south Asia: Bihar and Nepal. Because both areas are part of the Ganga basin, the future of Nepal and Bihar are inextricably linked as far as development, in particular of water resources is concerned. The challenges of water management in the Himalaya-Ganga in the decades ahead will depend, to a large extent, on the kind of statesmanship available to balance all three institutional solidarities - regulatory bureaucracy, innovative market and cautionary activism. The alternative is conflict where no one gets anything except lawsuits, demonstrations, delays, intractable disputes, and even violence. - Reproduced aWater resources aEconomic and Political Weekly a50169 c50169d50169 00104070aIIPAbIIPAd2018-07-19hVolume no: 36, Issue no: 39pAR50597r2018-07-19w2018-07-19yAR